书目信息 |
| 题名: |
电子产品的质量管理和可靠性
|
|
| 作者: | 何国伟 编著 | |
| 分册: | ||
| 出版信息: | 北京 科学出版社 1983 |
|
| 页数: | 270页 | |
| 开本: | 19cm | |
| 丛书名: | 电子学基础知识丛书 | |
| 单 册: | ||
| 中图分类: | TN06 , F407.636.3 | |
| 科图分类: | ||
| 主题词: | 电子工业-质量管理 , 质量管理-电子工业 , 电子产品可靠性 | |
| 电子资源: | ||
| ISBN: | ||
| 000 | 00836nam2 2200301 45 | |
| 001 | 0183000360 | |
| 005 | 20040520110859.3 | |
| 010 | @dCNY1.15 | |
| 091 | @a15031.543 | |
| 100 | @a19950619d1983 em y0chiy0121 ea | |
| 101 | 0 | @achi |
| 102 | @aCN@b110000 | |
| 105 | @ay z 000yy | |
| 106 | @ar | |
| 200 | 10 | @a电子产品的质量管理和可靠性@Adian zi chan pin de zhi liang guan li he ke kao xing@f何国伟编著 |
| 210 | @a北京@c科学出版社@d1983 | |
| 215 | @a270页@d19cm | |
| 225 | 2 | @a电子学基础知识丛书 |
| 410 | 0 | @120010@a电子学基础知识丛书 |
| 606 | @a电子工业-质量管理 | |
| 606 | @a质量管理-电子工业 | |
| 606 | @a电子产品可靠性 | |
| 690 | @aTN06@v3 | |
| 690 | @aF407.636.3@v3 | |
| 701 | 0 | @a何国伟@Ahe guo wei@4编著 |
| 801 | 0 | @aCN@b上海图书馆@c20040520 |
| 801 | 2 | @aCN@bNLC@c20040520 |
| 905 | @f1@b111488@dTN06@e19 | |
| 电子产品的质量管理和可靠性/何国伟编著.-北京:科学出版社,1983 |
| 270页;19cm.-(电子学基础知识丛书) |
| ISBN :CNY1.15 |
| ● |
| 相关链接 |
|
|
|
|
正题名:电子产品的质量管理和可靠性
索取号:TN06/19
 
预约/预借
| 序号 | 登录号 | 条形码 | 馆藏地/架位号 | 状态 | 备注 |
| 1 | 0111488 | 001348465 | 第三借阅区/ [索取号:TN06/19] | 在馆 | |
| 2 | 0111489 | 001348508 | 第二样本阅览室/ [索取号:TN06/19] | 在馆 |